|
|
|
|
| LEADER |
01218nam a2200265 a 4500 |
| 001 |
00026303 |
| 008 |
121203s1980 ii a b 001 0 eng d |
| 020 |
|
|
|a 929022108
|
| 040 |
|
|
|a BD-DhAAL
|c BD-DhAAL
|
| 082 |
0 |
0 |
|a 614.5/21/095492
|2 22
|
| 100 |
1 |
|
|a Joarder, A K.
|
| 245 |
1 |
4 |
|a The eradication of smallpox from Bangladesh /
|c A K Joarder; D Tarantola, J Tulloch
|
| 260 |
|
|
|a New Delhi :
|b World Health Organization, South-East Asia Regional Office,
|c 1980.
|
| 300 |
|
|
|a xi, 275 p., [1] leaf of plates :
|b ill. (some col.), maps (some col.) ;
|c 25 cm.
|
| 490 |
1 |
|
|a WHO regional publications.,South-East Asia series ;no. 8.
|
| 504 |
|
|
|a Includes bibliographical references (p.[268]-271) and index.
|
| 541 |
|
|
|e 00026303
|
| 650 |
|
0 |
|a Smallpox
|x Vaccination
|z Bangladesh
|x History
|
| 650 |
|
0 |
|a Smallpox
|z Bangladesh
|x Prevention
|x History
|
| 650 |
|
0 |
|a Smallpox
|z Bangladesh
|x History
|
| 700 |
1 |
|
|a Tarantola, D.
|
| 700 |
1 |
|
|a Tulloch, J.
|
| 852 |
1 |
|
|a Ayesha Abed Library
|j General shelf
|
| 999 |
|
|
|c 12980
|d 12980
|
| 952 |
|
|
|0 0
|1 0
|2 ddc
|4 0
|6 614_521095492000000_JOA
|7 0
|9 21493
|a JPGSPH
|b JPGSPH
|c GEN
|d 2012-12-03
|e Institute of Public Health
|l 1
|o 614.521095492 JOA
|p 3060026303
|r 2012-12-08
|s 2012-12-08
|t 1
|w 2012-12-03
|y BK
|x Koha Inventory 2020
|